000 01078nam0a22002891 4500
001 RU\INGAK2\INFOCOMM_327\NLR\5000016762
005 20250625202408.0
035 _a(NLR Aleph) 011023603
090 _a11079245
_c11079245
100 _a20121217d1982 |||y0rusy50 ca
101 1 _aspa
_crus
102 _aRU
105 _ay z||||
200 1 _aLas proposiciones de la Unión Soviética
_eLa actual situación intern. y las iniciativas de Moscú
_fVladlén Kuznetsov
_g[Trad.: Ludmila Róschina, Dario Pena]
205 _a3-ra ed. corr.
210 _aM.
_cEd. de la Agencia de prensa "Nóvosti"
_d1982
215 _a152 с.
_d16 см
300 _aНа обороте тит. л.: Советский Союз предлагает ... / Вл. Кузнецов
607 _aСССР
_xВнешняя политика
_z1959
_2nlr_sh1
620 _aМосква
686 _aТ3(2)73-601.1
_2rubbk
700 1 _aKuznecov
_bV. I.
_f1931-
_gVladlen Ivanovič
801 1 _aRU
_bInfoComm
_c20121217
801 0 _aRU
_bNLR
_gPSBO
852 _aNLR
_jИр51 Д-1/303
942 _cBOOK
980 _aNB